<?xml version="1.0" encoding="UTF-8"?>
<collection xmlns="http://www.loc.gov/MARC21/slim">
 <record>
  <leader>02070nam a22002657a 4500</leader>
  <controlfield tag="001">NCT_23061</controlfield>
  <controlfield tag="008">171123b        xxu||||| |||| 00| 0 vie d</controlfield>
  <datafield tag="999" ind1=" " ind2=" ">
   <subfield code="c">1090</subfield>
   <subfield code="d">1090</subfield>
  </datafield>
  <datafield tag="020" ind1=" " ind2=" ">
   <subfield code="c">52000</subfield>
  </datafield>
  <datafield tag="082" ind1="1" ind2="4">
   <subfield code="2">22nd ed.</subfield>
   <subfield code="a">005.13</subfield>
   <subfield code="b">V500</subfield>
  </datafield>
  <datafield tag="100" ind1="1" ind2="0">
   <subfield code="a">Nguyễn Phước Anh Vũ</subfield>
  </datafield>
  <datafield tag="245" ind1="1" ind2="0">
   <subfield code="a">Lập trình ứng dụng Web với RUBY ON RAILS</subfield>
   <subfield code="c">Nguyễn Phước Anh Vũ, Phương Lan</subfield>
  </datafield>
  <datafield tag="260" ind1=" " ind2=" ">
   <subfield code="a">H.</subfield>
   <subfield code="b">Lao Động - Xã Hội</subfield>
   <subfield code="c">2008</subfield>
  </datafield>
  <datafield tag="300" ind1=" " ind2=" ">
   <subfield code="a">214tr</subfield>
   <subfield code="b">Ảnh minh họa</subfield>
   <subfield code="c">24cm</subfield>
  </datafield>
  <datafield tag="520" ind1=" " ind2=" ">
   <subfield code="a">Cuốn sách ra đời nhằm giới thiệu cho các độc giả là sinh viên, lập trình viên một ngôn ngữ Framework Web thế hệ mới theo khuôn mẫu lập trình MVC (Model-View-Controller). Quyển sách giới thiệu những nét đặc sắc nhất của ngôn ngữ mềm dẻo Ruby và tập trung vào phần Framework Rails dựa trên ngôn ngữ Ruby để giúp độc giả có một nền tảng cơ bản và nắm bắt được &quot;Tinh thần&quot; của Ruby và Rails.</subfield>
  </datafield>
  <datafield tag="653" ind1=" " ind2=" ">
   <subfield code="a">RUBY ON RAILS</subfield>
  </datafield>
  <datafield tag="655" ind1=" " ind2=" ">
   <subfield code="a">Công nghệ thông tin</subfield>
  </datafield>
  <datafield tag="700" ind1="1" ind2="0">
   <subfield code="a">Phương Lan</subfield>
   <subfield code="e">Hiệu đính</subfield>
  </datafield>
  <datafield tag="942" ind1=" " ind2=" ">
   <subfield code="2">ddc</subfield>
   <subfield code="c">BK</subfield>
  </datafield>
  <datafield tag="952" ind1=" " ind2=" ">
   <subfield code="0">0</subfield>
   <subfield code="1">0</subfield>
   <subfield code="2">ddc</subfield>
   <subfield code="4">0</subfield>
   <subfield code="6">005_130000000000000_V500</subfield>
   <subfield code="7">0</subfield>
   <subfield code="9">4112</subfield>
   <subfield code="a">000001</subfield>
   <subfield code="b">000001</subfield>
   <subfield code="d">2017-11-23</subfield>
   <subfield code="o">005.13 V500</subfield>
   <subfield code="p">MD.02040</subfield>
   <subfield code="r">2017-11-23</subfield>
   <subfield code="v">52000.00</subfield>
   <subfield code="w">2017-11-23</subfield>
   <subfield code="y">BK</subfield>
  </datafield>
  <datafield tag="952" ind1=" " ind2=" ">
   <subfield code="0">0</subfield>
   <subfield code="1">0</subfield>
   <subfield code="2">ddc</subfield>
   <subfield code="4">0</subfield>
   <subfield code="6">005_130000000000000_V500</subfield>
   <subfield code="7">0</subfield>
   <subfield code="9">4113</subfield>
   <subfield code="a">000001</subfield>
   <subfield code="b">000001</subfield>
   <subfield code="d">2017-11-23</subfield>
   <subfield code="l">1</subfield>
   <subfield code="o">005.13 V500</subfield>
   <subfield code="p">MD.02101</subfield>
   <subfield code="r">2019-12-09</subfield>
   <subfield code="s">2019-11-26</subfield>
   <subfield code="v">52000.00</subfield>
   <subfield code="w">2017-11-23</subfield>
   <subfield code="y">BK</subfield>
  </datafield>
  <datafield tag="952" ind1=" " ind2=" ">
   <subfield code="0">0</subfield>
   <subfield code="1">0</subfield>
   <subfield code="2">ddc</subfield>
   <subfield code="4">0</subfield>
   <subfield code="6">005_130000000000000_V500</subfield>
   <subfield code="7">0</subfield>
   <subfield code="9">4114</subfield>
   <subfield code="a">000001</subfield>
   <subfield code="b">000001</subfield>
   <subfield code="d">2017-11-23</subfield>
   <subfield code="o">005.13 V500</subfield>
   <subfield code="p">MD.02102</subfield>
   <subfield code="r">2017-11-23</subfield>
   <subfield code="v">52000.00</subfield>
   <subfield code="w">2017-11-23</subfield>
   <subfield code="y">BK</subfield>
  </datafield>
  <datafield tag="952" ind1=" " ind2=" ">
   <subfield code="0">0</subfield>
   <subfield code="1">0</subfield>
   <subfield code="2">ddc</subfield>
   <subfield code="4">0</subfield>
   <subfield code="6">005_130000000000000_V500</subfield>
   <subfield code="7">0</subfield>
   <subfield code="9">4115</subfield>
   <subfield code="a">000001</subfield>
   <subfield code="b">000001</subfield>
   <subfield code="d">2017-11-23</subfield>
   <subfield code="o">005.13 V500</subfield>
   <subfield code="p">MD.02103</subfield>
   <subfield code="r">2017-11-23</subfield>
   <subfield code="v">52000.00</subfield>
   <subfield code="w">2017-11-23</subfield>
   <subfield code="y">BK</subfield>
  </datafield>
  <datafield tag="952" ind1=" " ind2=" ">
   <subfield code="0">0</subfield>
   <subfield code="1">0</subfield>
   <subfield code="2">ddc</subfield>
   <subfield code="4">0</subfield>
   <subfield code="6">005_130000000000000_V500</subfield>
   <subfield code="7">0</subfield>
   <subfield code="9">4116</subfield>
   <subfield code="a">000001</subfield>
   <subfield code="b">000001</subfield>
   <subfield code="d">2017-11-23</subfield>
   <subfield code="o">005.13 V500</subfield>
   <subfield code="p">MD.02104</subfield>
   <subfield code="r">2017-11-23</subfield>
   <subfield code="v">52000.00</subfield>
   <subfield code="w">2017-11-23</subfield>
   <subfield code="y">BK</subfield>
  </datafield>
  <datafield tag="980" ind1=" " ind2=" ">
   <subfield code="a">Thư viện Trường Đại học Nam Cần Thơ</subfield>
  </datafield>
 </record>
</collection>
